000 02015nam0a2200325 4500
001 RU\NLR\bibl\1221856
005 20260407182152.0
010 _a978-5-903063-29-1
_9200
021 _aRU
_b2008-15896
_9867
035 _a(NLR Aleph) 001208201
090 _a61267
_c61267
100 _a20080504d2007 |||y0rusy50 ca
101 0 _arus
102 _aRU
105 _aa |||||||||
200 1 _aПочвы аридных регионов, их динамика и продуктивность в условиях опустынивания
_eматериалы всероссийской научной конференции
_f[отв. ред. - Зонн И.С. - акад. РАЕН, д.г.н., проф.]
210 _aМахачкала
_cНаука плюс
_d2007
215 _a185 с.
_cил., цв. ил.
_d29
300 _aВ надзаг.: Рос. акад. наук, Даг. науч. центр, Прикасп. ин-т биол. ресурсов, Секция "Пробл. изуч. арид. экосистем и борьбы с опустыниванием" Науч. Совета по пробл. экологии биол. систем ОБН РАН
320 _aБиблиогр. в конце докл.
606 1 _aАридные почвы
_jСъезды, совещания и т.п.
_xВлияние опустынивания
_92520230
_3RU\NLR\auth\661493462
686 _aП065.4я431(2)
686 _aП034.29я431(2)
702 1 _4340
_7ca
_8rus
_aЗонн
_bИ. С.
_f1938-
_gИгорь Сергеевич
_913285
_3RU\NLR\auth\7730260
711 1 2 _aВсероссийская научная конференция по проблеме "Почвы аридных регионов, их динамика и продуктивность в условиях опустынивания"
_eМахачкала
_f2004
_9733533
_3RU\NLR\AUTH\8810117183
801 0 _aRU
_bNLR
_c20080504
_gRCR
801 1 _aRU
_bNLR
_c20080504
942 _cBOOK
980 _aNB